00835nam a22002177a 450000500170000000800410001702000180005804000130007608200230008910000240011224501230013626000600025930000240031950400560034365000220039965000190042165100330044094200120047399900170048595201150050220240530110621.0161220s2014 ua g b 001 0 eng d a9789774166822 aEG-CaGPL04221a962.02bCC\M C1 aMikhail,Maged S. A.15aFrom christian Egypt to islam Egypt :breligion, identity, and politics after the arab conquest \cMaged S. A. Mikhail aCairo :bthe american university in cairo press ;c2014 a429 pages ;c24 cm. aIncludes bibliographical references (p. 383 - 405). 0achristianszEgypt 0amuslimszEgypt aEgyptxhistoryyto 640 A. D. 2ddccBK c63060d63060 00104070aCAIbCAIcCAIRO-LIBRARYd2016-12-20l0o962.02 CC\M Cp163012r2016-12-20 00:00:00w2016-12-20yBK